[Event "I LIGA CS 2016"]
[Site "Kragujevac"]
[Date "2016.09.17"]
[Round "10.1"]
[White "Enchev, Ivajlo"]
[Black "Petkov, Vladimir"]
[Result "1-0"]
[WhiteElo "2451"]
[BlackElo "2514"]
[PlyCount "119"]
[EventDate "2016.??.??"]
[WhiteClock "0:00:47"]
[BlackClock "0:00:40"]

1. d4 Nf6 2. c4 e6 3. Nc3 Bb4 4. Qc2 b6 5. Nf3 Bb7 6. a3 Bxc3+ 7. Qxc3 Ne4 8.
Qc2 a5 9. b3 f5 10. g3 a4 11. b4 Nd6 12. Bf4 Be4 13. Qc3 O-O 14. Bg2 Nc6 15.
O-O Qc8 16. Rfd1 Ne7 17. Rac1 Ng6 18. Ne5 Nxf4 19. gxf4 Bxg2 20. Kxg2 Ne4 21.
Qe3 d6 22. Nd3 Qd7 23. f3 Nf6 24. Rg1 b5 25. c5 Nd5 26. Qf2 Rf6 27. Kh1 Rh6 28.
Rg5 Rf8 29. Rcg1 Rf7 30. R1g2 Ne7 31. Qg1 Rg6 32. Rxg6 Nxg6 33. Qa1 Ne7 34. Qa2
Nd5 35. Qd2 Qc6 36. Rg1 Ne7 37. Rc1 Qd5 38. cxd6 cxd6 39. Qc3 h6 40. Qc7 Qxd4
41. Qd8+ Kh7 42. Qe8 Qf6 43. Qxb5 Nd5 44. Qxa4 Qd4 45. Qe8 Re7 46. Qd8 Qe3 47.
Re1 Ra7 48. Qxd6 Rxa3 49. Ne5 Nxf4 50. Rg1 Ra7 51. Nc4 Qxe2 52. Qxf4 Rb7 53.
Ne5 Rb5 54. Nc6 Rb7 55. Nd4 Qd3 56. Nxe6 Re7 57. Nd4 Rf7 58. Qe5 h5 59. Qe6 Rf6
60. Qd7 1-0

[Event "I LIGA CS 2016"]
[Site "Kragujevac"]
[Date "2016.09.17"]
[Round "10.2"]
[White "Paunovic, Tomislav"]
[Black "Radovanovic, Nikola"]
[Result "1/2-1/2"]
[WhiteElo "2347"]
[BlackElo "2396"]
[PlyCount "44"]
[EventDate "2016.??.??"]
[WhiteClock "0:31:57"]
[BlackClock "0:25:12"]

1. d4 Nf6 2. c4 g6 3. Nc3 Bg7 4. e4 d6 5. h3 O-O 6. Bg5 c5 7. d5 e6 8. Bd3 exd5
9. exd5 Nbd7 10. Nf3 Re8+ 11. Kf1 Ne5 12. Nxe5 Rxe5 13. Bf4 Re7 14. g4 a6 15.
a4 Qc7 16. Kg2 Nd7 17. Qf3 Ne5 18. Qg3 Bd7 19. Be2 f5 20. Rhe1 Rf8 21. g5 Rfe8
22. Bd2 Qb6 1/2-1/2

[Event "I LIGA CS 2016"]
[Site "Kragujevac"]
[Date "2016.09.17"]
[Round "10.3"]
[White "Zlatanovic, Boroljub"]
[Black "Manic, Ljubomir"]
[Result "1-0"]
[WhiteElo "2392"]
[BlackElo "2152"]
[PlyCount "52"]
[EventDate "2016.??.??"]
[WhiteClock "0:35:47"]
[BlackClock "0:18:24"]

1. Nc3 d5 2. e4 dxe4 3. Nxe4 Nd7 4. Bc4 e6 5. d4 Ngf6 6. Nxf6+ Nxf6 7. Nf3 Be7
8. O-O O-O 9. Bg5 h6 10. Bh4 b6 11. Qe2 Bb7 12. Rad1 Nd5 13. Bg3 Bd6 14. Ne5
Qe7 15. Bb3 Bxe5 16. Qxe5 c5 17. dxc5 Qxc5 18. c4 Nf6 19. Qxc5 bxc5 20. f3 Rfc8
21. Rd6 Rc6 22. Rfd1 Rxd6 23. Rxd6 Kf8 24. Ba4 Rc8 25. Kf2 h5 26. h4 a6 1-0

[Event "I LIGA CS 2016"]
[Site "Kragujevac"]
[Date "2016.09.17"]
[Round "10.4"]
[White "Jovanovic, Bojan P"]
[Black "Novoselski, Zoran"]
[Result "0-1"]
[WhiteElo "2236"]
[BlackElo "2323"]
[PlyCount "32"]
[EventDate "2016.??.??"]
[WhiteClock "0:29:29"]
[BlackClock "1:11:48"]

1. d4 Nf6 2. c4 e5 3. dxe5 Ng4 4. Qd4 d6 5. Nf3 Nc6 6. Qd1 Be6 7. Bg5 Qd7 8. e3
h6 9. Bh4 Ngxe5 10. Nbd2 g5 11. Bg3 Bg7 12. Nxe5 dxe5 13. Qa4 f5 14. f3 Rd8 15.
O-O-O O-O 16. Be2 Nd4 0-1

[Event "I LIGA CS 2016"]
[Site "Kragujevac"]
[Date "2016.09.17"]
[Round "10.5"]
[White "Radovic, Janko"]
[Black "Todorovic, Bojan"]
[Result "1/2-1/2"]
[WhiteElo "2258"]
[BlackElo "2348"]
[PlyCount "81"]
[EventDate "2016.??.??"]
[WhiteClock "0:30:59"]
[BlackClock "0:30:58"]

1. e4 g6 2. d4 Bg7 3. Nc3 d6 4. f4 a6 5. Nf3 b5 6. Bd3 Bb7 7. O-O Nf6 8. e5 Nd5
9. e6 f5 10. a4 b4 11. Nxd5 Bxd5 12. Bd2 Nc6 13. c3 O-O 14. Qe2 Qc8 15. Bc4
Bxc4 16. Qxc4 Qb7 17. cxb4 Rfb8 18. Rac1 Nxb4 19. Qxc7 Qxc7 20. Rxc7 Nd5 21.
Rc2 Rb3 22. Rfc1 Bf6 23. Rc8+ Rxc8 24. Rxc8+ Kg7 25. Rc2 Nb4 26. Bxb4 Rxb4 27.
Rd2 Rxa4 28. h3 h5 29. Kf2 Rb4 30. h4 Kf8 31. g3 Ke8 32. Rc2 Kd8 33. Ke3 Rb3+
34. Ke2 Rb6 35. Kd3 d5 36. Ne5 Rxe6 37. Rc5 Rb6 38. Rxd5+ Ke8 39. Kc3 Bxe5 40.
dxe5 Rc6+ 41. Kd2 1/2-1/2

[Event "I LIGA CS 2016"]
[Site "Kragujevac"]
[Date "2016.09.17"]
[Round "10.6"]
[White "Manic, Ljubomir"]
[Black "Radovic, Luka"]
[Result "0-1"]
[WhiteElo "2152"]
[BlackElo "2254"]
[PlyCount "96"]
[EventDate "2016.??.??"]
[WhiteClock "0:04:17"]
[BlackClock "0:17:29"]

1. Nf3 Nf6 2. b3 g6 3. Bb2 Bg7 4. e3 O-O 5. Be2 d6 6. d4 Nbd7 7. h3 Qe8 8. c4
e5 9. O-O e4 10. Nfd2 Qe7 11. Qc2 Re8 12. Nc3 c6 13. Ba3 Nf8 14. Rae1 h5 15. f4
exf3 16. Bxf3 Ne6 17. Nde4 Nxe4 18. Nxe4 c5 19. dxc5 Nxc5 20. Nc3 Bf5 21. Qd2
Qg5 22. Bd5 Re7 23. Rf3 Rae8 24. Re2 Bh6 25. Bc1 Nd3 26. Nd1 Nxc1 27. Qxc1 Bg7
28. Qd2 Qf6 29. Nf2 Bh6 30. Qe1 Qe5 31. Kh1 b5 32. Bc6 Bd7 33. Nd3 Qg5 34. cxb5
Bxc6 35. bxc6 Qb5 36. Qc3 Rc7 37. Rc2 Rec8 38. Qd4 Bf8 39. Nb4 Qe5 40. Rcf2 f5
41. Qc4+ Kh7 42. Rc2 d5 43. Qxd5 Qa1+ 44. Kh2 Bxb4 45. e4 Qf6 46. e5 Qd8 47.
Qb5 Rb8 48. Qc4 Qe7 0-1

[Event "I LIGA CS 2016"]
[Site "Kragujevac"]
[Date "2016.09.17"]
[Round "10.13"]
[White "Chatalbashev, Boris"]
[Black "Lalic, Bogdan"]
[Result "1-0"]
[WhiteElo "2542"]
[BlackElo "2434"]
[PlyCount "61"]
[EventDate "2016.??.??"]
[WhiteClock "0:05:44"]
[BlackClock "0:09:40"]

1. c4 Nf6 2. g3 c6 3. Nf3 d5 4. d4 g6 5. Bg2 Bg7 6. Qb3 O-O 7. O-O dxc4 8. Qxc4
Na6 9. Nc3 Be6 10. Qa4 Nd5 11. Ng5 Bg4 12. h3 Nxc3 13. bxc3 Bxe2 14. Re1 Bd3
15. Qb3 Qd7 16. Re3 h6 17. Nxf7 Rxf7 18. Ba3 e5 19. Rxd3 exd4 20. cxd4 Re8 21.
Rad1 Kh7 22. h4 Bf8 23. d5 c5 24. d6 Rg7 25. Bb2 b5 26. Rf3 c4 27. Qa3 Nb8 28.
Qc3 Rd8 29. h5 gxh5 30. Qc2+ Kg8 31. Rf6 1-0

[Event "I LIGA CS 2016"]
[Site "Kragujevac"]
[Date "2016.09.17"]
[Round "10.15"]
[White "Radusinovic, Lazar"]
[Black "Maksimovic, Branimir"]
[Result "0-1"]
[WhiteElo "2349"]
[BlackElo "2341"]
[PlyCount "106"]
[EventDate "2016.??.??"]
[WhiteClock "0:35:34"]
[BlackClock "1:01:55"]

1. d4 Nf6 2. Nf3 g6 3. g3 Bg7 4. Bg2 O-O 5. O-O d6 6. a4 a5 7. Nc3 Nbd7 8. e4
c6 9. Re1 e5 10. h3 Re8 11. Be3 Qc7 12. Qd2 exd4 13. Nxd4 Nc5 14. Bf4 Nh5 15.
Be3 Nf6 16. Bh6 Bd7 17. Bxg7 Kxg7 18. Nf5+ Bxf5 19. exf5 Rxe1+ 20. Rxe1 Re8 21.
Rd1 d5 22. Qd4 Ncd7 23. fxg6 hxg6 24. b4 axb4 25. Qxb4 Ne5 26. Rb1 Re7 27. a5
Nc4 28. Ra1 Qe5 29. a6 bxa6 30. Rxa6 Qe1+ 31. Kh2 Qxf2 32. Qxe7 Ne3 33. Qxe3
Qxe3 34. Rxc6 Nh5 35. Nxd5 Qxg3+ 36. Kg1 Qe1+ 37. Kh2 Ng3 38. Nf4 Nf1+ 39. Bxf1
Qxf1 40. Ng2 Qf2 41. h4 Qe2 42. Kg1 Qe4 43. Rc3 Qd4+ 44. Re3 Qd1+ 45. Kh2 Qxc2
46. Rf3 Qc7+ 47. Rf4 Kh6 48. Kh3 Qe5 49. Kg4 Qa1 50. Rxf7 Qa2 51. Rf3 Qxg2+ 52.
Rg3 Qe2+ 53. Kh3 Qe6+ 0-1

[Event "I LIGA CS 2016"]
[Site "Kragujevac"]
[Date "2016.09.17"]
[Round "10.16"]
[White "Panic, Nenad"]
[Black "Nadj Hedjesi, Balind"]
[Result "1/2-1/2"]
[WhiteElo "2340"]
[BlackElo "2311"]
[PlyCount "21"]
[EventDate "2016.??.??"]
[WhiteClock "1:32:46"]
[BlackClock "1:31:52"]

1. d4 d5 2. c4 c6 3. cxd5 cxd5 4. Nc3 Nf6 5. Nf3 g6 6. e3 Bg7 7. Bd3 O-O 8. O-O
Nc6 9. a3 a6 10. Bd2 Bg4 11. h3 1/2-1/2

[Event "I liga CS 2016."]
[Site "Kragujevac,hotel Sumarice"]
[Date "2016.09.17"]
[Round "10.2"]
[White "Zivkovic, Vladislav"]
[Black "Elez, Nikola"]
[Result "1/2-1/2"]
[WhiteElo "2166"]
[BlackElo "2211"]
[PlyCount "32"]
[EventDate "2016.09.10"]

1. c4 d6 2. g3 g6 3. Bg2 Bg7 4. Nc3 Nc6 5. e4 e5 6. d3 Nge7 7. Nge2 O-O 8. O-O
f5 9. Nd5 Nxd5 10. cxd5 Nd4 11. Nxd4 exd4 12. h4 Bd7 13. Bg5 Bf6 14. Bh6 Bg7
15. Bg5 Bf6 16. Bh6 Bg7 1/2-1/2

[Event "I liga CS 2016."]
[Site "Kragujevac,hotel Sumarice"]
[Date "2016.09.17"]
[Round "10.3"]
[White "Ivanov, Mikhail M"]
[Black "Cvetkovic, Zoran"]
[Result "1-0"]
[WhiteElo "2393"]
[BlackElo "1728"]
[Annotator "Balkanchess"]
[PlyCount "93"]
[EventDate "2016.09.10"]

1. Nf3 Nc6 2. c4 d5 3. cxd5 Qxd5 4. Nc3 Qd8 5. d4 e6 6. e4 Bb4 7. d5 Bxc3+ 8.
bxc3 exd5 9. exd5 Nce7 10. c4 h6 11. Bb2 f6 12. Nh4 g6 13. Bd3 Kf7 14. O-O h5
15. Qc2 Rh6 16. Rfe1 g5 17. Nf5 Nxf5 18. Bxf5 Qd6 19. Be6+ Kg7 20. Bxg8 Kxg8
21. Re8+ Kf7 22. Rae1 Bf5 23. Qa4 Rh8 24. R8e3 Rhf8 25. Ba3 c5 26. dxc6 Qxc6
27. Qxc6 bxc6 28. Bxf8 Kxf8 29. Rf3 Bd7 30. Rxf6+ Kg7 31. Rd6 Be8 32. Re7+ Kf8
33. Rb7 a5 34. f3 Kg8 35. g4 hxg4 36. fxg4 Rc8 37. c5 Ra8 38. a4 Rc8 39. Kf2
Bf7 40. Rbd7 Bb3 41. Rd8+ Rxd8 42. Rxd8+ Kf7 43. Ke3 Bxa4 44. Kd4 Bd1 45. h3
Bf3 46. Ke5 Bg2 47. Rh8 1-0

[Event "I liga CS 2016."]
[Site "Kragujevac,hotel Sumarice"]
[Date "2016.09.17"]
[Round "10.3"]
[White "Ilic, Zoran S"]
[Black "Radovanovic, Jovica"]
[Result "1/2-1/2"]
[WhiteElo "2279"]
[BlackElo "2351"]
[PlyCount "29"]
[EventDate "2016.09.10"]

1. d4 d5 2. Nf3 Nf6 3. c4 c6 4. Nc3 dxc4 5. a4 a5 6. e3 Bg4 7. Bxc4 e6 8. O-O
Bb4 9. h3 Bh5 10. Qe2 O-O 11. Rd1 Nbd7 12. e4 Qe7 13. e5 Nd5 14. Nxd5 cxd5 15.
Bd3 1/2-1/2

[Event "I liga CS 2016."]
[Site "Kragujevac,hotel Sumarice"]
[Date "2016.09.17"]
[Round "10.3"]
[White "Begus, Drasko"]
[Black "Milosavljevic, Ivan"]
[Result "1-0"]
[WhiteElo "2287"]
[BlackElo "2113"]
[PlyCount "109"]
[EventDate "2016.09.10"]

1. d4 d5 2. Nf3 Nf6 3. g3 Bf5 4. Bg2 e6 5. O-O Bd6 6. c4 c6 7. b3 O-O 8. Bb2 h6
9. Nc3 Nbd7 10. Nd2 Bb4 11. a3 Bxc3 12. Bxc3 Ne4 13. Nxe4 Bxe4 14. Bxe4 dxe4
15. d5 exd5 16. cxd5 c5 17. b4 b6 18. bxc5 Nxc5 19. Qd4 f6 20. Bb4 Rc8 21. d6
Kh8 22. Bxc5 bxc5 23. Qd5 Qd7 24. Rac1 Rc6 25. Rxc5 Rxd6 26. Qxe4 Re8 27. Qf3
Rd2 28. e3 Ra2 29. Rc3 Qe7 30. Qc6 Rd8 31. a4 Qb4 32. Rc4 Qd2 33. Qc7 a5 34.
Rg4 Rg8 35. Rd4 Rc2 36. Rxd2 Rxc7 37. Rd5 Ra8 38. Rfd1 Rc4 39. R1d4 Rb4 40. Kg2
Kh7 41. Rxa5 Rxa5 42. Rxb4 Rd5 43. Rb2 Kg6 44. Kf3 Ra5 45. Ra2 Kf5 46. e4+ Ke5
47. Ke3 Kd6 48. Kd4 Kc6 49. f4 Kd6 50. Kc4 g5 51. Kb4 Ra8 52. a5 Re8 53. a6
Rxe4+ 54. Kb5 Re8 55. a7 1-0

[Event "I liga CS 2016."]
[Site "Kragujevac,hotel Sumarice"]
[Date "2016.09.17"]
[Round "10.3"]
[White "Todorovic, Nenad I"]
[Black "Pantelic, Sasa"]
[Result "0-1"]
[WhiteElo "2251"]
[BlackElo "2316"]
[PlyCount "82"]
[EventDate "2016.09.10"]

1. e4 c5 2. Nf3 d6 3. d4 cxd4 4. Nxd4 Nf6 5. Nc3 g6 6. Be3 Bg7 7. f3 O-O 8. Qd2
Nc6 9. Bc4 Bd7 10. O-O-O Ne5 11. Bb3 Rc8 12. h4 h5 13. g4 hxg4 14. h5 Nxh5 15.
Bh6 e6 16. Rdg1 Qf6 17. Bxg7 Qxg7 18. fxg4 Nf6 19. g5 Nh5 20. Rd1 Nc4 21. Bxc4
Rxc4 22. Nde2 Bc6 23. Qxd6 Bxe4 24. Rh4 Rc6 25. Qh2 Bf3 26. Rd7 Bxe2 27. Nxe2
Rfc8 28. c3 b5 29. Rxa7 Rc5 30. Kb1 Rxg5 31. a3 Qe5 32. Qxe5 Rxe5 33. Nd4 Nf6
34. Rb7 Rcc5 35. Kc2 Kg7 36. b4 Rcd5 37. c4 bxc4 38. a4 g5 39. Rh2 Rxd4 40. a5
Nd5 41. a6 Re3 0-1

[Event "I liga CS 2016."]
[Site "Kragujevac,hotel Sumarice"]
[Date "2016.09.17"]
[Round "10.3"]
[White "Jesic, Dusan"]
[Black "Djukic, Nebojsa"]
[Result "1/2-1/2"]
[WhiteElo "2348"]
[BlackElo "2196"]
[PlyCount "97"]
[EventDate "2016.09.10"]

1. b3 d5 2. Bb2 Bf5 3. Nf3 h6 4. c4 c6 5. g3 e6 6. Bg2 Nf6 7. O-O Be7 8. d3 O-O
9. Nbd2 Nbd7 10. Rc1 a5 11. a3 Qb6 12. Qc2 Rfd8 13. Rfd1 Bc5 14. Rf1 Ng4 15.
Qc3 Bxf2+ 16. Kh1 Ndf6 17. c5 Qc7 18. e4 d4 19. Qc4 Ne3 20. Qa4 Nxf1 21. Rxf1
Be3 22. exf5 exf5 23. Nc4 Ng4 24. Nxe3 dxe3 25. d4 f4 26. Qc4 fxg3 27. h3 Nf2+
28. Kg1 Qd7 29. Ne5 Qf5 30. Ng4 Re8 31. Qe2 Qd3 32. Re1 Qxb3 33. d5 cxd5 34.
Bd4 Qxa3 35. Nxh6+ gxh6 36. Qf3 Re6 37. Qxg3+ Rg6 38. Qe5 Kh7 39. Qxd5 Rf8 40.
Rxe3 Nxh3+ 41. Kh2 Nf4 42. Rxa3 Nxd5 43. Bxd5 Rd8 44. Bxf7 Rxd4 45. Bxg6+ Kxg6
46. Rxa5 Rb4 47. Ra8 Rb5 48. Rc8 Kh5 49. c6 1/2-1/2

[Event "I liga CS 2016."]
[Site "Kragujevac,hotel Sumarice"]
[Date "2016.09.17"]
[Round "10.4"]
[White "Zajic, Milan"]
[Black "Nestorovic, Dejan"]
[Result "1/2-1/2"]
[WhiteElo "2483"]
[BlackElo "2380"]
[PlyCount "45"]
[EventDate "2016.09.10"]

1. e4 c5 2. Nf3 e6 3. d4 cxd4 4. Nxd4 Nf6 5. Nc3 d6 6. Be2 Be7 7. O-O O-O 8. f4
a6 9. Be3 Qc7 10. Kh1 b5 11. Bf3 Bb7 12. e5 dxe5 13. fxe5 Nfd7 14. Bxb7 Qxb7
15. Bf4 b4 16. Nce2 Nc6 17. Nxc6 Qxc6 18. Nd4 Qb6 19. c3 Rac8 20. Qg4 Kh8 21.
Rac1 bxc3 22. bxc3 Qc5 23. Qh5 1/2-1/2

[Event "I liga CS 2016."]
[Site "Kragujevac,hotel Sumarice"]
[Date "2016.09.17"]
[Round "10.4"]
[White "Markovic, Zoran S"]
[Black "Djordjevic, Vuk"]
[Result "1/2-1/2"]
[WhiteElo "2363"]
[BlackElo "2416"]
[PlyCount "96"]
[EventDate "2016.09.10"]

1. e4 e6 2. d4 d5 3. Nd2 Nc6 4. Ngf3 Nf6 5. e5 Nd7 6. Nb3 Be7 7. Bb5 a5 8. a4
Na7 9. Bd3 b6 10. c3 c5 11. Nbd2 Nc6 12. Bb5 Bb7 13. O-O O-O 14. Re1 c4 15. b3
cxb3 16. Qxb3 Na7 17. Bd3 Bc6 18. Nb1 b5 19. axb5 Nxb5 20. Bxb5 Rb8 21. Na3
Bxa3 22. Qxa3 Rxb5 23. Qd6 Qc8 24. Ba3 Rd8 25. Qe7 Re8 26. Qh4 Nb6 27. Be7 Nd7
28. Re3 Nf8 29. Ba3 Qb7 30. Nd2 Ng6 31. Qh5 Rb8 32. h4 Ne7 33. g4 Be8 34. Qg5
Ng6 35. Rh3 h6 36. Qe3 Nf8 37. Qf4 Nh7 38. Qg3 f5 39. exf6 Nxf6 40. g5 Nh5 41.
Qg4 Kh7 42. Re1 Bf7 43. Re5 Rg8 44. g6+ Bxg6 45. Rxh5 Bxh5 46. Qxh5 Qd7 47. Rg3
Qe8 48. Qe5 Rb7 1/2-1/2

[Event "I liga CS 2016."]
[Site "Kragujevac,hotel Sumarice"]
[Date "2016.09.17"]
[Round "10.4"]
[White "Brankovic, Dejan"]
[Black "Vucinic, Gojko"]
[Result "1-0"]
[WhiteElo "2352"]
[BlackElo "2439"]
[PlyCount "143"]
[EventDate "2016.09.10"]

1. e4 c5 2. Nf3 d6 3. d4 cxd4 4. Nxd4 Nf6 5. Nc3 a6 6. Bg5 Nbd7 7. Bc4 e6 8.
Qe2 b5 9. Bd5 exd5 10. Nc6 Qc7 11. exd5+ Ne5 12. Bxf6 gxf6 13. f4 Bg7 14. fxe5
fxe5 15. g4 Bd7 16. O-O-O Bxc6 17. dxc6 Qxc6 18. Nd5 Qb7 19. Rd3 O-O 20. Qe4
Ra7 21. g5 f5 22. gxf6 Bxf6 23. Nxf6+ Rxf6 24. Rg1+ Kf8 25. Qh4 Qf7 26. Qh3 Qe6
27. Qg3 Rg6 28. Qf3+ Kg7 29. Rxg6+ hxg6 30. Qc6 Rd7 31. Qxa6 e4 32. Re3 Qc4 33.
Qb6 d5 34. Re1 b4 35. Rg1 Kf8 36. Qxg6 Qd4 37. Rf1+ Ke7 38. Rf7+ Kd8 39. Rf8+
Kc7 40. Qg3+ Rd6 41. c3 bxc3 42. bxc3 Qd3 43. Rf7+ Kc6 44. Qxd3 exd3 45. Rf3
Kc5 46. Rxd3 Ra6 47. Kb2 Rb6+ 48. Kc1 Ra6 49. Rd2 Rh6 50. Kc2 Rh8 51. a4 Rh7
52. Rg2 Rh8 53. Rd2 Rh7 54. Kb2 Rh8 55. Ka3 Kc4 56. Kb2 Kc5 57. Kc1 Kc4 58. a5
Kxc3 59. a6 Rh7 60. Ra2 Ra7 61. h4 d4 62. h5 Kb3 63. Ra1 Kc3 64. Ra3+ Kb4 65.
Kb2 d3 66. Ra1 Kc4 67. h6 Kb4 68. Rh1 d2 69. Kc2 Rxa6 70. Kxd2 Ra8 71. Ke3 Kc5
72. h7 1-0

[Event "I liga CS 2016."]
[Site "Kragujevac,hotel Sumarice"]
[Date "2016.09.17"]
[Round "10.4"]
[White "Milenkovic, Mladen"]
[Black "Gajic, Mladen"]
[Result "0-1"]
[WhiteElo "2344"]
[BlackElo "2346"]
[PlyCount "86"]
[EventDate "2016.09.10"]

1. e4 Nf6 2. Nc3 d5 3. exd5 Nxd5 4. Bc4 c6 5. Qf3 e6 6. Nge2 Nd7 7. d4 Qf6 8.
Qg3 Qg6 9. Bb3 a5 10. a3 Be7 11. Bd2 O-O 12. f4 b5 13. O-O a4 14. Qxg6 hxg6 15.
Ba2 N7b6 16. Rae1 Ba6 17. Rf3 Rfb8 18. Nxd5 exd5 19. c3 Nc4 20. Bxc4 bxc4 21.
Bc1 f6 22. f5 gxf5 23. Ng3 Kf7 24. Nxf5 Bf8 25. Rfe3 Bc8 26. Ng3 Bd7 27. h3 Bd6
28. Rf3 Rb7 29. Nf5 Bxf5 30. Rxf5 Rab8 31. Re2 g6 32. Rf1 c5 33. Rfe1 cxd4 34.
cxd4 Rb3 35. Rd1 c3 36. bxc3 Rxc3 37. Bb2 Rcb3 38. Rdd2 g5 39. Rc2 R8b7 40. Rc6
Bf4 41. Rcc2 Rd3 42. Kf1 Bg3 43. Red2 Re7 0-1

[Event "I liga CS 2016."]
[Site "Kragujevac,hotel Sumarice"]
[Date "2016.09.17"]
[Round "10.4"]
[White "Mladenovic, Stefan"]
[Black "Organdziev, Oliver"]
[Result "1/2-1/2"]
[WhiteElo "2273"]
[BlackElo "2259"]
[PlyCount "127"]
[EventDate "2016.09.10"]

1. d4 d5 2. c4 Bf5 3. Nc3 e6 4. Nf3 Bb4 5. cxd5 exd5 6. Qa4+ Nc6 7. e3 a6 8.
Be2 Nge7 9. O-O O-O 10. Bd2 h6 11. Rfc1 Bd6 12. a3 g5 13. b4 Qd7 14. Qb3 Qe6
15. Bf1 Rfd8 16. Na4 b6 17. Nb2 Nb8 18. a4 Nd7 19. b5 a5 20. Nd3 Be4 21. Nfe1
Nf6 22. Rc2 Ng6 23. Bc1 Qg4 24. f3 Qh5 25. g4 Nxg4 26. fxg4 Qxg4+ 27. Bg2 Qh5
28. Bxe4 dxe4 29. Nb2 Qh4 30. Rf2 Bxh2+ 31. Kf1 Rd7 32. Ke2 Bg3 33. Rf1 Qh3 34.
Nd1 Bd6 35. Qc4 Bb4 36. Nc3 Qh2+ 37. Rf2 Qh5+ 38. Kd2 Ne5 39. Qe2 Qxe2+ 40.
Rxe2 f5 41. Kc2 Ng4 42. Ba3 Bxc3 43. Kxc3 h5 44. Nc2 Kf7 45. Rf1 Kg6 46. Bc1 h4
47. Bd2 Nf6 48. Be1 Nd5+ 49. Kc4 Rad8 50. Rg2 h3 51. Re2 Nf6 52. Bg3 Ng4 53.
Kc3 Rh8 54. Rh1 h2 55. Kd2 Rh3 56. Rg2 Rdh7 57. Ke2 Kf6 58. Na3 f4 59. exf4
gxf4 60. Bxf4 Rxa3 61. Rxg4 Kf5 62. Rg3 Ra2+ 63. Bd2 Rxa4 64. Rg2 1/2-1/2

[Event "I liga CS 2016."]
[Site "Kragujevac,hotel Sumarice"]
[Date "2016.09.17"]
[Round "10.4"]
[White "Dudukovic, Nikola"]
[Black "Dezelin, Milan"]
[Result "1-0"]
[WhiteElo "2356"]
[BlackElo "2227"]
[PlyCount "60"]
[EventDate "2016.09.10"]

1. d4 Nf6 2. Nf3 e6 3. c4 Bb4+ 4. Nbd2 b6 5. g3 Ba6 6. Qc2 O-O 7. Bg2 c6 8. O-O
d5 9. b3 b5 10. Bb2 Nfd7 11. cxd5 cxd5 12. Rfc1 Qe7 13. e4 Nb6 14. a3 Rc8 15.
Qd1 Rxc1 16. Qxc1 Bxd2 17. Nxd2 Bb7 18. Qf1 Qd7 19. Rc1 a6 20. e5 Nc6 21. f4
Rc8 22. Rc5 Qe7 23. Qd3 Nd7 24. Rc2 Nb6 25. Nf3 Nb8 26. Rf2 b4 27. a4 Qc7 28.
f5 exf5 29. Qxf5 Qd7 30. Qh5 Qf5 1-0

[Event "I LIGA CS 2016"]
[Site "Kragujevac"]
[Date "2016.09.17"]
[Round "10.7"]
[White "Pikula, Dejan"]
[Black "Dimitrov, Radoslav"]
[Result "1/2-1/2"]
[WhiteElo "2433"]
[BlackElo "2489"]
[PlyCount "28"]
[EventDate "2016.??.??"]
[WhiteClock "1:08:38"]
[BlackClock "1:17:12"]

1. e4 c6 2. d4 d5 3. Nd2 dxe4 4. Nxe4 Nd7 5. Bc4 Ngf6 6. Nxf6+ Nxf6 7. c3 Nd5
8. Nf3 Bf5 9. O-O e6 10. Re1 Be7 11. h3 h6 12. Ne5 O-O 13. Qf3 Bd6 14. Bb3 Qh4
1/2-1/2

[Event "I LIGA CS 2016"]
[Site "Kragujevac"]
[Date "2016.09.17"]
[Round "10.9"]
[White "Jovanovic, Sasa M"]
[Black "Stankovic, Ivan G"]
[Result "1/2-1/2"]
[WhiteElo "2244"]
[BlackElo "2293"]
[PlyCount "24"]
[EventDate "2016.??.??"]
[WhiteClock "1:06:59"]
[BlackClock "1:04:30"]

1. e4 c5 2. Nc3 Nc6 3. g3 g6 4. Bg2 Bg7 5. d3 Nf6 6. h3 O-O 7. Be3 d6 8. f4 Nd7
9. Nf3 Nd4 10. O-O b5 11. Bxd4 cxd4 12. Nxb5 Rb8 1/2-1/2

[Event "I LIGA CS 2016"]
[Site "Kragujevac"]
[Date "2016.09.17"]
[Round "10.10"]
[White "Milosevic, Aleksandar"]
[Black "Cirakovic, Ivan"]
[Result "1/2-1/2"]
[WhiteElo "2269"]
[BlackElo "2165"]
[PlyCount "35"]
[EventDate "2016.??.??"]
[WhiteClock "1:24:01"]
[BlackClock "0:54:39"]

1. Nf3 Nf6 2. c4 g6 3. Nc3 Bg7 4. e4 d6 5. d4 O-O 6. Be2 e5 7. O-O Nbd7 8. Be3
Re8 9. d5 Nc5 10. Nd2 a5 11. a3 c6 12. b4 axb4 13. axb4 Rxa1 14. Qxa1 Na6 15.
b5 Nb4 16. dxc6 Nc2 17. cxb7 Bxb7 18. Qd1 1/2-1/2

[Event "I LIGA CS 2016"]
[Site "Kragujevac"]
[Date "2016.09.17"]
[Round "10.11"]
[White "Vojinovic, Luka"]
[Black "Vlahovic, Bogdan"]
[Result "1/2-1/2"]
[WhiteElo "2152"]
[BlackElo "2312"]
[PlyCount "31"]
[EventDate "2016.??.??"]
[WhiteClock "1:05:43"]
[BlackClock "1:23:11"]

1. d4 f5 2. Nf3 Nf6 3. g3 d6 4. b3 c6 5. Bb2 Qc7 6. Bg2 Nbd7 7. Nbd2 d5 8. O-O
e6 9. c4 Ng4 10. Ng5 Ndf6 11. e3 Bb4 12. Qe2 O-O 13. f3 Nh6 14. e4 Nf7 15. Nh3
Re8 16. Qd1 1/2-1/2

[Event "I LIGA CS 2016"]
[Site "Kragujevac"]
[Date "2016.09.17"]
[Round "10.12"]
[White "Krstic, Ranko"]
[Black "Vlajkovic, Stanko"]
[Result "1/2-1/2"]
[WhiteElo "2206"]
[BlackElo "1959"]
[PlyCount "28"]
[EventDate "2016.??.??"]
[WhiteClock "1:17:34"]
[BlackClock "0:56:49"]

1. d4 Nf6 2. c4 g6 3. f3 Bg7 4. e4 d6 5. Nc3 O-O 6. Be3 Nc6 7. Nge2 e5 8. d5
Ne7 9. Qd2 Ne8 10. g4 f5 11. h3 a6 12. Nc1 Bd7 13. Nd3 Nf6 14. O-O-O f4 1/2-1/2

[Event "I liga CS 2016."]
[Site "Kragujevac,hotel Sumarice"]
[Date "2016.09.17"]
[Round "10.6"]
[White "Ratkovic, Miloje"]
[Black "Ristic, Nenad"]
[Result "1/2-1/2"]
[WhiteElo "2414"]
[BlackElo "2416"]
[PlyCount "183"]
[EventDate "2016.09.10"]

1. d4 Nf6 2. c4 c5 3. e3 g6 4. Nc3 Bg7 5. d5 O-O 6. Nf3 d6 7. Bd3 e6 8. h3 exd5
9. cxd5 b6 10. O-O Ba6 11. Re1 Bxd3 12. Qxd3 Nbd7 13. e4 Qe7 14. a4 Rac8 15.
Nb5 c4 16. Qc2 Nc5 17. Bf4 Rfd8 18. Qxc4 Nfxe4 19. Bg5 f6 20. Be3 a6 21. Nbd4
Qf7 22. Rac1 a5 23. Ne6 Re8 24. Nfd4 Qb7 25. Nxg7 Kxg7 26. f3 Ng5 27. Nb5 Nf7
28. Bd4 Ne6 29. Bxf6+ Kxf6 30. Rxe6+ Rxe6 31. Qf4+ Ke7 32. dxe6 Rxc1+ 33. Qxc1
Kxe6 34. Qc4+ d5 35. Nc7+ Kd6 36. Qf4+ Ke7 37. Qh4+ g5 38. Qe1+ Kd7 39. Qe6+
Kxc7 40. Qxf7+ Kc6 41. Qf6+ Kc5 42. Qxg5 Kb4 43. f4 Kxa4 44. f5 d4 45. Qf4 Kb3
46. Qxd4 b5 47. f6 b4 48. Qe3+ Ka2 49. Qe6+ b3 50. f7 Qa7+ 51. Kf1 Qc5 52. Qf6
Qf8 53. Ke2 a4 54. Qe6 Qc5 55. Kf3 Qh5+ 56. g4 Qxh3+ 57. Ke4 Qg2+ 58. Ke3 Qg1+
59. Kd3 Qf1+ 60. Kc3 Qf3+ 61. Kb4 Kxb2 62. Kxa4 Ka2 63. Kb4 Qf4+ 64. Kc5 Qc7+
65. Kd5 Qd8+ 66. Ke4 Qa8+ 67. Kf4 Qb8+ 68. Kg5 Qf8 69. Kh5 Ka1 70. Qa6+ Kb1 71.
Qd3+ Ka2 72. Qd5 Ka1 73. Qa5+ Kb1 74. Qe1+ Ka2 75. Qe8 Qc5+ 76. Kh6 Qd6+ 77.
Kxh7 b2 78. Qa8+ Kb3 79. Qf3+ Ka2 80. Qf2 Kb3 81. Qf5 Qf8 82. g5 Ka2 83. Qd5+
Ka3 84. Qd3+ Ka2 85. Qc4+ Ka3 86. Qa6+ Kb3 87. Qb6+ Ka2 88. Qe6+ Ka3 89. Qe3+
Ka2 90. Qf2 Kb3 91. Qb6+ Ka2 92. Qa6+ 1/2-1/2

[Event "I liga CS 2016."]
[Site "Kragujevac,hotel Sumarice"]
[Date "2016.09.17"]
[Round "10.6"]
[White "Ristic, Nebojsa M"]
[Black "Milanovic, Slavisa"]
[Result "1/2-1/2"]
[WhiteElo "2371"]
[BlackElo "2395"]
[PlyCount "23"]
[EventDate "2016.09.10"]

1. d4 e6 2. Nf3 Nf6 3. c4 Bb4+ 4. Bd2 Qe7 5. g3 Nc6 6. Bg2 Bxd2+ 7. Nbxd2 d6 8.
e4 e5 9. d5 Nb8 10. O-O O-O 11. Qc2 a5 12. a3 1/2-1/2